<?xml version="1.0" encoding="UTF-8"?>
<record
    xmlns:xsi="http://www.w3.org/2001/XMLSchema-instance"
    xsi:schemaLocation="http://www.loc.gov/MARC21/slim http://www.loc.gov/standards/marcxml/schema/MARC21slim.xsd"
    xmlns="http://www.loc.gov/MARC21/slim">

  <leader>00519nam a22001577a 4500</leader>
  <datafield tag="999" ind1=" " ind2=" ">
    <subfield code="c">7947</subfield>
    <subfield code="d">7947</subfield>
  </datafield>
  <controlfield tag="005">20241010182412.0</controlfield>
  <controlfield tag="008">241010b           ||||| |||| 00| 0 eng d</controlfield>
  <datafield tag="020" ind1=" " ind2=" ">
    <subfield code="a">9788413035673</subfield>
  </datafield>
  <datafield tag="040" ind1=" " ind2=" ">
    <subfield code="a">CDMR</subfield>
    <subfield code="c">CDMR</subfield>
  </datafield>
  <datafield tag="100" ind1=" " ind2=" ">
    <subfield code="9">4978</subfield>
    <subfield code="a">Llaonart, Jordi</subfield>
  </datafield>
  <datafield tag="245" ind1=" " ind2=" ">
    <subfield code="a">Viatge al cor de l'Islam </subfield>
    <subfield code="b">: la hist&#xF2;ria pol&#xED;tica dels xi&#xEF;tes i els llocs sagrats del Pr&#xF2;xim Orient </subfield>
    <subfield code="c">/ Jordi Llaonart</subfield>
  </datafield>
  <datafield tag="260" ind1=" " ind2=" ">
    <subfield code="a">Lleida </subfield>
    <subfield code="b">: Pag&#xE8;s editors</subfield>
    <subfield code="c">, 2024</subfield>
  </datafield>
  <datafield tag="300" ind1=" " ind2=" ">
    <subfield code="a">238 p&#xE0;gines</subfield>
  </datafield>
  <datafield tag="650" ind1=" " ind2="0">
    <subfield code="9">4225</subfield>
    <subfield code="a">Orient Mitj&#xE0;</subfield>
    <subfield code="x">Religi&#xF3;</subfield>
  </datafield>
  <datafield tag="942" ind1=" " ind2=" ">
    <subfield code="2">udc</subfield>
    <subfield code="c">MON</subfield>
  </datafield>
  <datafield tag="952" ind1=" " ind2=" ">
    <subfield code="0">0</subfield>
    <subfield code="1">0</subfield>
    <subfield code="2">udc</subfield>
    <subfield code="4">0</subfield>
    <subfield code="7">0</subfield>
    <subfield code="a">CDMR</subfield>
    <subfield code="b">CDMR</subfield>
    <subfield code="d">2024-10-10</subfield>
    <subfield code="e">Donaci&#xF3;</subfield>
    <subfield code="g">20.00</subfield>
    <subfield code="l">1</subfield>
    <subfield code="o">Dj /168</subfield>
    <subfield code="p">CDMR24101259</subfield>
    <subfield code="r">2025-01-27</subfield>
    <subfield code="s">2025-01-07</subfield>
    <subfield code="w">2024-10-10</subfield>
    <subfield code="y">MON</subfield>
  </datafield>
</record>
